Tourism economics and policy.
"This revised edition incorporates new material on the sharing economy, AI, surface and marine transport, resident quality of life issues, the price mechanism, the economic contribution of tourism, and tourism and economic growth. It remains an accessible text for students, researchers and prac...
Salvato in:
| Autori principali: | , , |
|---|---|
| Natura: | Libro |
| Lingua: | inglese |
| Pubblicazione: |
Bristol, UK ; Blue Ridge Summit, Pennsylvania, USA :
Channel View Publications,
2020.
|
| Edizione: | 2nd Edition. |
| Serie: | Aspects of tourism texts;
5 |
| Soggetti: | |
| Tags: |
Aggiungi Tag
Nessun Tag, puoi essere il primo ad aggiungerne!!
|
MARC
| LEADER | 00000cam a2200000 i 4500 | ||
|---|---|---|---|
| 001 | 21289109 | ||
| 003 | CL-VaPUC | ||
| 005 | 20250407202458.0 | ||
| 008 | 191104t20202020enk b 001 0 eng | ||
| 999 | |c 447540 |d 447538 | ||
| 010 | |a 2019035501 | ||
| 020 | |a 9781845417314 |q (Paperback) | ||
| 020 | |a 9781845417321 |q (Hardback) | ||
| 020 | |z 9781845417338 |q (Adobe PDF) | ||
| 020 | |z 9781845417345 |q (ePub) | ||
| 020 | |z 9781845417352 |q (Kindle Edition) | ||
| 040 | |a DLC |b eng |c Pontificia Universidad Católica de Valparaíso |e rda |d DLC | ||
| 042 | |a pcc | ||
| 050 | 0 | 0 | |a G155.A1 |b D96 2020 |
| 082 | 0 | 0 | |a 338.4791 DWY 2020 |2 23 |
| 100 | 1 | |a Dwyer, Larry |e author |9 897329 | |
| 245 | 1 | 0 | |a Tourism economics and policy. |
| 250 | |a 2nd Edition. | ||
| 260 | |a Bristol, UK ; |a Blue Ridge Summit, Pennsylvania, USA : |b Channel View Publications, |c 2020. | ||
| 300 | |a xvii, 617 páginas : |b ilustraciones. | ||
| 490 | 0 | |a Aspects of tourism texts; |v 5 | |
| 500 | |a c.1. Instituto Arcos 81-2025. | ||
| 504 | |a Includes bibliographical references and index. | ||
| 520 | |a "This revised edition incorporates new material on the sharing economy, AI, surface and marine transport, resident quality of life issues, the price mechanism, the economic contribution of tourism, and tourism and economic growth. It remains an accessible text for students, researchers and practitioners in tourism economics and policy"-- |c Provided by publisher. | ||
| 583 | |c 20250321 |k GC | ||
| 650 | 0 | |a Turismo |x Gestión |9 897330 | |
| 650 | 0 | |a Turismo |x Política gubernamental. |9 897331 | |
| 700 | 1 | |a Forsyth, P. |q (Peter), |e author. |9 897332 | |
| 700 | 1 | |a Dwyer, Wayne, |e author. |9 897333 | |
| 942 | |2 ddc |c BK |n 0 | ||
| 952 | |0 0 |1 0 |2 ddc |4 0 |6 338_479100000000000_DWY_2020 |7 0 |8 A |9 601709 |a BIBINC |b BIBINC |d 2025-03-21 |e Instituto Arcos |i 5666612 |o 338.4791 DWY 2020 |p 5666612 |r 2025-03-21 |t 1 |w 2025-03-21 |y BK |k IFP | ||